[Event "Cologne-ch 05"]
[Site "Cologne"]
[Date "2005.01.08"]
[Round "4"]
[White "Bill, Oliver"]
[Black "Goedicke, Leni"]
[Result "1-0"]
[WhiteElo "1573"]
[BlackElo "1298"]
[PlyCount "45"]
[EventDate "2004.12.04"]
[EventType "swiss"]
[EventRounds "7"]
[EventCountry "GER"]
[SourceTitle "EXT 2006"]
[Source "ChessBase"]
[SourceDate "2005.11.24"]
[SourceVersion "1"]
[SourceVersionDate "2005.11.24"]
[SourceQuality "1"]

1. e4 e5 2. Nf3 Nc6 3. Bc4 Bc5 4. c3 Nf6 5. d4 exd4 6. cxd4 Bb4+ 7. Nc3 Nxe4 8. 0-0 Bxc3 9. d5 Bf6 10. Re1 Ne7 11. Rxe4 d6 12. Bg5 Bxg5 13. Nxg5 h6 14. Nxf7 Kxf7 15. Qf3+ Kg8 16. Rae1 Kh7 17. Rxe7 Rf8 18. Bd3+ Kg8 19. Qg3 Rf7 20. Re8+ Qxe8 21. Rxe8+ Rf8 22. Re7 Bf5 23. Qxg7# 1-0

[Event "Cologne Longerich op 2nd"]
[Site "Cologne"]
[Date "2003.??.??"]
[Round "1"]
[White "Bill, Oliver"]
[Black "Feldmann, Guido"]
[Result "0-1"]
[WhiteElo "1584"]
[BlackElo "1953"]
[PlyCount "82"]
[EventDate "2003.06.??"]
[EventType "swiss"]
[EventRounds "7"]
[EventCountry "GER"]
[SourceTitle "EXT 2004"]
[Source "ChessBase"]
[SourceDate "2003.11.25"]
[SourceVersion "1"]
[SourceVersionDate "2003.11.25"]
[SourceQuality "1"]

1. e4 c5 2. Nf3 Nc6 3. c3 d5 4. e5 Bg4 5. Bb5 Qb6 6. Bxc6+ bxc6 7. d4 e6 8. Be3 Qxb2 9. 0-0 Bxf3 10. gxf3 c4 11. Qa4 Qb5 12. Qc2 Ne7 13. Nd2 Nf5 14. Rfb1 Qa6 15. a4 Be7 16. Rb2 0-0 17. Rab1 Rac8 18. Rb7 c5 19. Rd7 Rfd8 20. Rdb7 cxd4 21. Bxd4 Bc5 22. Bxc5 Rxc5 23. Qa2 g6 24. Qa3 Rcc8 25. f4 d4 26. cxd4 Rxd4 27. Qb4 c3 28. Qb3 cxd2 29. Rd1 Rc1 30. Rb8+ Kg7 31. Kg2 Rxd1 32. Qxd1 Qxa4 33. Qxa4 Rxa4 34. Rb1 Rd4 35. Rd1 Ne7 36. Kf1 Nd5 37. Ke2 Nc3+ 38. Ke3 Nxd1+ 39. Kxd4 Nxf2 40. Ke3 d1Q 41. Kxf2 a5 0-1

[Event "Cologne Longerich op 2nd"]
[Site "Cologne"]
[Date "2003.??.??"]
[Round "6"]
[White "Bill, Oliver"]
[Black "Zotkin, Alexander"]
[Result "1/2-1/2"]
[WhiteElo "1584"]
[BlackElo "1871"]
[PlyCount "41"]
[EventDate "2003.06.??"]
[EventType "swiss"]
[EventRounds "7"]
[EventCountry "GER"]
[SourceTitle "EXT 2004"]
[Source "ChessBase"]
[SourceDate "2003.11.25"]
[SourceVersion "1"]
[SourceVersionDate "2003.11.25"]
[SourceQuality "1"]

1. e4 e6 2. d4 d5 3. e5 c5 4. c3 Bd7 5. Nf3 Nc6 6. Bd3 Rc8 7. 0-0 Qb6 8. Bc2 cxd4 9. cxd4 Nh6 10. Bxh6 Qxb2 11. Bxg7 Bxg7 12. Nbd2 Nxd4 13. Nxd4 Qxd4 14. Nf3 Qc3 15. Ba4 b5 16. Bb3 Bxe5 17. Re1 Qxa1 18. Qe2 Rc1 19. Rxc1 Qxc1+ 20. Bd1 Bf6 21. h3 1/2-1/2